00793nam a2200193 a 450000100100000000500170001000800410002702000150006804000250008308200170010810000260012524500860015126000430023730000340028070000320031495201150034695201210046199900170058200004263920201002040307.0140203s1997 sp af 000 0 spa d a8483105276 aDO-SdBNPbspacBNPHU axxxxxbxxxxx1 aMiller, Arthur96990714aLas Brujas de Salem /cArthur Miller ; edicción y coordinación Ángel Facio. aBarcelona, :bTeatro español,c1997. a303 p. :bil., lam. ;c20 cm.1 aFacio, Ángel,eed.969908 001050718MOaGRbGRcCTd2014-02-03iLF1l0oxxxxx xxxxxp42639-10r2020-06-25w2020-06-25y1ZNo se presta 001050718MOaGRbGRcCTd2014-02-04iLF1l0oxxxxx xxxxxp42639-20r2020-06-25te. 2w2020-06-25y1ZNo se presta c42128d42128